The dark side of valuation: valuing old tech,new tech, and new economy companies (Record no. 39384)

MARC details
000 -LEADER
fixed length control field 00656nam a2200169 a 4500
008 - FIXED-LENGTH DATA ELEMENTS--GENERAL INFORMATION
fixed length control field 120125s2001 ||||||||||||||||| || u
020 ## - INTERNATIONAL STANDARD BOOK NUMBER
International Standard Book Number 9788131718520
050 ## - LIBRARY OF CONGRESS CALL NUMBER
Classification number HG 4028.V3 Dam
100 ## - MAIN ENTRY--PERSONAL NAME
Personal name Damodaran, Aswath
245 14 - TITLE STATEMENT
Title The dark side of valuation: valuing old tech,new tech, and new economy companies
260 ## - PUBLICATION, DISTRIBUTION, ETC.
Place of publication, distribution, etc. New Delhi:
Name of publisher, distributor, etc. Doring Kindersley
Date of publication, distribution, etc. 2001
300 ## - PHYSICAL DESCRIPTION
Extent xix, 479p.: ill.
350 ## - PRICE (NR) (BK AM CF MU VM SE) [OBSOLETE]
Price 0.00
650 #0 - SUBJECT ADDED ENTRY--TOPICAL TERM
Topical term or geographic name entry element FINANCE--DEVELOPING COUNTRIES
650 ## - SUBJECT ADDED ENTRY--TOPICAL TERM
Topical term or geographic name entry element VALUATION
995 ## - RECOMMENDATION 995 [LOCAL, UNIMARC FRANCE]
-- 0.00
-- CBU-MAIN LIBRARY (Kitwe)
-- 1
-- 0.00
-- 1
-- AVAILABLE
-- Mar 5, 2012
-- Main Library Open Access Collection
Holdings
Withdrawn status Lost status Source of classification or shelving scheme Damaged status Not for loan Home library Current library Shelving location Date acquired Total Checkouts Full call number Barcode Date last seen Price effective from Koha item type
          CBU-MAIN LIBRARY, KITWE. CBU-MAIN LIBRARY, KITWE.   11/30/2022   HG 4028.V3 Dam 742570 11/30/2022 11/30/2022 MONOGRAPH